Basic facts about Nippon steel

Đã lưu trong:
Sonraí Bibleagrafaíochta
Formáid: Leabhar
Teanga:Undetermined
Foilsithe: Nippon Steel CorporationTokyo, Japan 1992
Ábhair:
Clibeanna: Cuir Clib Leis
Gan Chlibeanna, Bí ar an gcéad duine leis an taifead seo a chlibeáil!
Thư viện lưu trữ: Trung tâm Học liệu Trường Đại học Cần Thơ
LEADER 00419nam a2200133Ia 4500
001 CTU_107200
008 210402s9999 xx 000 0 und d
082 |a 672.05 
082 |b B311 
245 0 |a Basic facts about Nippon steel 
260 |a Nippon Steel CorporationTokyo, Japan 
260 |c 1992 
650 |a Steel industry and trade,Kỹ nghệ thép Nippon 
980 |a Trung tâm Học liệu Trường Đại học Cần Thơ